000 00462nam a2200181Ia 4500
003 GCL
008 140319s9999 xx 000 0 ara d
040 _aGCL /
_cGCL
082 0 4 _a813.01
_bس ع
100 1 _aسليمان فياض
245 1 0 _aعطشان يا صبايا /
_cسليمان فياض
300 _a181 ص
490 _a
650 0 4 _aالادب العربى
650 0 4 _aالقصص القصيرة
650 0 4 _aالقصص
942 _2ddc
_cBK
999 _c45063
_d45063